| 000 | 00828nam a2200229 a 4500 | ||
|---|---|---|---|
| 005 | 20250301063802.0 | ||
| 008 | 991125s1996 mad 000 0 spa u | ||
| 020 | _a847112405X | ||
| 035 | _aUPN01000011727 | ||
| 049 | _aCG | ||
| 050 | 4 |
_aLC196 _bG6.38 |
|
| 100 | 1 | _aGore, Jennifer M. | |
| 245 | 1 | 0 |
_aControversias entre las pedagogías : _bdiscursos críticos y feministas como regímenes de verdad / _cpor Jennifer M. Gore ; tr. de Pablo Manzano. |
| 260 |
_aMadrid : _bFundación Paideia : _bMorata, _c1996. |
||
| 300 | _a199 p. | ||
| 440 | 0 |
_aPedagogía. _pEducación crítica |
|
| 534 |
_pTítulo original: _tThe struggle for pedagogies : critical and feminist discurses as regimes of truth |
||
| 650 | 4 |
_aMujeres _xEducación _9182 |
|
| 650 | 4 |
_aFeminismo _98967 |
|
| 650 | 4 |
_aPedagogía crítica _98121 |
|
| 905 | _aLibro | ||
| 999 |
_c11727 _d11727 |
||